01322cam a2200361Ia 4500001001300000003000700013008004100020020001500061020001500076040001800091041001300109050002600122082002100148100004000169240003100209245013700240260001600377260002000393300002100413490004800434500007000482504005700552650002700609650003300636650002500669650003900694700003500733907001300768942001500781980000900796999001700805952013800822tec011941510MX-MoT 81110s2006 mx b 000 0 spa d a842342393X a8423423905 aI8MbspacI8M1 aspaheng 4aHD4904.7b.D3818 2006 a658.3 D247c 20061 aDavenport, Thomas O.,d1952-93296400aHuman capital.lEspañol.10aCapital humano :bcreando ventajas competitivas a través de las personas /cThomas O. Davenport ; [traducción Guillermo Solana]. aBarcelona : bDeusto,cc2006. a264 p. ;c24 cm.0 aLíderes del management. Recursos humanos. aTraducido de: Human capital. What it is and why people invest it. aIncluye referencias bibliográficas (p. [253]-264). 0aHuman capital. 932965 0aPersonnel management.922583 4aCapital humano.9576 4aAdministración de personal.91831 aSolana, Guillermo,etr.932966 b11941510 2ddccLIBRO aOCLC c18195d18195 00102ddc40708REFaBCbBCd2024-11-12edonación alumna derechol0o658.3 D247c 2006 c.1p00025205r2024-11-12w2024-11-12yLIBRO